Terapia física: termoterapia, mecanoterapia, electroterapia, ultrasonidos, fototerapia e inhalación
Furkejuvvon:
| Váldodahkkit: | , , |
|---|---|
| Materiálatiipa: | Girji |
| Giella: | espánnjágiella |
| Almmustuhtton: |
Barcelona
Paidotribo
2005
|
| Preanttus: | 1a. ed |
| Fáttát: | |
| Fáddágilkorat: |
Lasit fáddágilkoriid
Eai fáddágilkorat, Lasit vuosttaš fáddágilkora!
|
MARC
| LEADER | 00000nam a2200000 a 4500 | ||
|---|---|---|---|
| 001 | UCH3160 | ||
| 003 | CL-VaPUC | ||
| 008 | 090715e20050000SP |||||||||||||||||spa|d | ||
| 020 | |a 8480198001 | ||
| 082 | 0 | 4 | |a 615.82 |b HUT |2 21 |
| 100 | |a Hüter-Becker, A |e author |9 538353 | ||
| 700 | 0 | |a Schewe, H |e author |9 538354 | |
| 700 | 0 | |a Heipertz, W |e author |9 538355 | |
| 245 | 1 | 0 | |a Terapia física: termoterapia, mecanoterapia, electroterapia, ultrasonidos, fototerapia e inhalación |
| 250 | |a 1a. ed | ||
| 300 | |a 326 p | ||
| 942 | |c BK | ||
| 945 | |d 20090715 00:00:00 |a cmena | ||
| 260 | |a Barcelona |b Paidotribo |c 2005 | ||
| 650 | 7 | |a TERAPIAS FISICAS |2 CL-VaPUC |9 313087 | |
| 650 | 7 | |a TERMOTERAPIA |2 CL-VaPUC |9 476137 | |
| 650 | 7 | |a MECANOTERAPIA |2 CL-VaPUC |9 538356 | |
| 650 | 0 | |a Electroterapia |9 451882 | |
| 650 | 0 | |a Ultrasonido |9 356232 | |
| 650 | 0 | |a Fototerapia |9 538357 | |
| 650 | 7 | |a TERAPIA DE INHALACION |2 CL-VaPUC |9 538358 | |
| 583 | |a last modification |c 20090715 00:00:00 |k Rodrigo Vera | ||
| 999 | |c 334786 |d 334784 | ||
| 952 | |0 0 |1 0 |4 0 |6 615_820000000000000_HUT_2005 |7 0 |8 A |9 423970 |a BIBCUR |b BIBCUR |d 2019-11-22 |i 1087673 |o 615.82 HUT 2005 |p 1087673 |r 2025-04-22 |w 2019-11-22 |y BK |k KIN | ||